A course module for understanding gifted and talented learners / (Record no. 2120)

MARC details
000 -LEADER
fixed length control field 00767nam a22002177a 4500
005 - DATE AND TIME OF LATEST TRANSACTION
control field 20230505073355.0
008 - FIXED-LENGTH DATA ELEMENTS--GENERAL INFORMATION
fixed length control field 230505b |||||||| |||| 00| 0 eng d
020 ## - INTERNATIONAL STANDARD BOOK NUMBER
International Standard Book Number 978-621-04-2214-6
082 ## - DEWEY DECIMAL CLASSIFICATION NUMBER
Classification number Fil. 371.952 P339 2021
100 ## - MAIN ENTRY--PERSONAL NAME
Personal name Pawilen, Greg T.
Relator term author
245 ## - TITLE STATEMENT
Title A course module for understanding gifted and talented learners /
Statement of responsibility, etc. Greg Tabios Pawilen, Albert Napoleon J. Roldan
260 ## - PUBLICATION, DISTRIBUTION, ETC.
Place of publication, distribution, etc. Manila:
Name of publisher, distributor, etc. Rex Book Store,
Date of publication, distribution, etc. c2021
300 ## - PHYSICAL DESCRIPTION
Extent vi, 195p.:
Other physical details ill.
490 ## - SERIES STATEMENT
Series statement Teach series
504 ## - BIBLIOGRAPHY, ETC. NOTE
Bibliography, etc. note Includes bibliographical references and index
541 ## - IMMEDIATE SOURCE OF ACQUISITION NOTE
Accession number 7050 c.1, 7051 c.2, 7052 c.3
650 ## - SUBJECT ADDED ENTRY--TOPICAL TERM
Topical term or geographic name entry element Mainstreaming in education
650 ## - SUBJECT ADDED ENTRY--TOPICAL TERM
Topical term or geographic name entry element Gifted children - Education
650 ## - SUBJECT ADDED ENTRY--TOPICAL TERM
Topical term or geographic name entry element Special education
700 ## - ADDED ENTRY--PERSONAL NAME
Personal name Roldan, Albert Napoleon J.
Relator term author
Holdings
Withdrawn status Lost status Source of classification or shelving scheme Damaged status Not for loan Home library Current library Date acquired Total Checkouts Full call number Barcode Date last seen Copy number Price effective from Koha item type
    Dewey Decimal Classification     ctu-moalboal ctu-moalboal 01/27/2022   Fil. 371.952 P339 2021 7050 05/05/2023 1 05/05/2023 Books-Filipiniana
    Dewey Decimal Classification     ctu-moalboal ctu-moalboal 01/27/2022   Fil. 371.952 P339 2021 7051 05/05/2023 2 05/05/2023 Books-Filipiniana
    Dewey Decimal Classification     ctu-moalboal ctu-moalboal 01/27/2022   Fil. 371.952 P339 2021 7052 05/05/2023 3 05/05/2023 Books-Filipiniana